| 000 | 00526nam a2200193Ia 4500 | ||
|---|---|---|---|
| 005 | 20250508164722.0 | ||
| 008 | 008 250505s9999 xx 000 0 eng d | ||
| 037 | _aReference | ||
| 040 |
_aFEDL _beng _cFEDL |
||
| 041 |
_aeng _2eng |
||
| 084 |
_a530, KER/RR _qFEDL |
||
| 100 | _aKerrod Robin | ||
| 245 | 0 | _aEveryday world of science | |
| 260 |
_aHertfordshire, UK _b Simon and Schuster Young Books _c1993 |
||
| 300 | _a160p | ||
| 546 | _aMACESE | ||
| 942 |
_cREF _h530, KER/RR |
||
| 999 |
_c1390741 _d1390741 |
||